Buffalo Bills 2016 Schedule - Statistics

General Stats
  • This quiz has been taken 70 times
  • The average score is 9 of 16
Answer Stats
Score Answer % Correct
L (31-37) New York Jets
93%
@ W (16-0) New England Patriots
83%
L (34-31 OT) Miami Dolphins
75%
@ L (7-13) Baltimore Ravens
73%
@ L (10-30) New York Jets
70%
L (41-25) New England Patriots
63%
W (45-16) San Francisco 49ers
60%
W (33-18) Arizona Cardinals
58%
@ W (30-19) Los Angeles Rams
53%
W (33-13) Cleveland Browns
50%
L (20-27) Pittsburgh Steelers
50%
@ L (25-31) Seattle Seahawks
50%
@ W (16-12) Cincinnati Bengals
45%
@ L (24-38) Oakland Raiders
40%
W (28-21) Jacksonville Jaguars
38%
@ L (25-28) Miami Dolphins
18%
No matching quizzes found
Score Distribution
Percent of People with Each Score
Percentile by Number Answered
Your Score History
You have not taken this quiz